<?xml version="1.0" encoding="UTF-8"?>
<record
    xmlns:xsi="http://www.w3.org/2001/XMLSchema-instance"
    xsi:schemaLocation="http://www.loc.gov/MARC21/slim http://www.loc.gov/standards/marcxml/schema/MARC21slim.xsd"
    xmlns="http://www.loc.gov/MARC21/slim">

  <leader>00754nam a22002537a 4500</leader>
  <controlfield tag="003">UA-OsUOA</controlfield>
  <controlfield tag="001"> 29437 </controlfield>
  <controlfield tag="007">ta</controlfield>
  <controlfield tag="008">20041011b un ||||| |||| 00| 0 ukr d</controlfield>
  <datafield tag="090" ind1=" " ind2=" ">
    <subfield code="a">82.09(477)</subfield>
    <subfield code="b">&#x423;47</subfield>
  </datafield>
  <datafield tag="942" ind1=" " ind2=" ">
    <subfield code="c">BK</subfield>
  </datafield>
  <datafield tag="040" ind1=" " ind2=" ">
    <subfield code="a">UA-OsUOA</subfield>
    <subfield code="b">ukr</subfield>
    <subfield code="c">UA-OsUOA</subfield>
    <subfield code="d">UA-OsUOA</subfield>
  </datafield>
  <datafield tag="245" ind1=" " ind2=" ">
    <subfield code="a">&#x423;&#x43A;&#x440;&#x430;&#x457;&#x43D;&#x441;&#x44C;&#x43A;&#x435; &#x441;&#x43B;&#x43E;&#x432;&#x43E;. &#x425;&#x440;&#x435;&#x441;&#x442;&#x43E;&#x43C;&#x430;&#x442;&#x456;&#x44F; &#x443;&#x43A;&#x440;&#x430;&#x457;&#x43D;&#x441;&#x44C;&#x43A;&#x43E;&#x457; &#x43B;&#x456;&#x442;&#x435;&#x440;&#x430;&#x442;&#x443;&#x440;&#x438; &#x442;&#x430; &#x43B;&#x456;&#x442;&#x435;&#x440;&#x430;&#x442;&#x443;&#x440;&#x43D;&#x43E;&#x457; &#x43A;&#x440;&#x438;&#x442;&#x438;&#x43A;&#x438;</subfield>
    <subfield code="c">&#x423;&#x43F;&#x43E;&#x440;&#x44F;&#x434;. &#x412;.&#x42F;&#x440;&#x435;&#x43C;&#x435;&#x43D;&#x43A;&#x43E; &#x404;.&#x424;&#x435;&#x434;&#x43E;&#x440;&#x435;&#x43D;&#x43A;&#x43E; &#x41E;.&#x421;&#x43B;&#x456;&#x43F;&#x443;&#x448;&#x43A;&#x43E;</subfield>
  </datafield>
  <datafield tag="300" ind1=" " ind2=" ">
    <subfield code="a">703 &#x441;.</subfield>
  </datafield>
  <datafield tag="955" ind1=" " ind2=" ">
    <subfield code="a">0</subfield>
  </datafield>
  <datafield tag="041" ind1=" " ind2=" ">
    <subfield code="a">ukr</subfield>
  </datafield>
  <datafield tag="080" ind1=" " ind2=" ">
    <subfield code="a">82.09(477)</subfield>
  </datafield>
  <datafield tag="020" ind1=" " ind2=" ">
    <subfield code="a">5-7707-8803-8</subfield>
  </datafield>
  <datafield tag="260" ind1=" " ind2=" ">
    <subfield code="a">&#x41A;&#x438;&#x457;&#x432;</subfield>
    <subfield code="b">"&#x420;&#x43E;&#x441;&#x44C;"</subfield>
    <subfield code="c">1995</subfield>
  </datafield>
  <datafield tag="246" ind1="3" ind2="1">
    <subfield code="a">&#x41A;&#x43D;. 4</subfield>
    <subfield code="n"></subfield>
  </datafield>
  <datafield tag="044" ind1=" " ind2=" ">
    <subfield code="a">UA</subfield>
  </datafield>
  <datafield tag="650" ind1=" " ind2="7">
    <subfield code="2">UDC</subfield>
  </datafield>
  <datafield tag="999" ind1=" " ind2=" ">
    <subfield code="c">315826</subfield>
    <subfield code="d">315826</subfield>
  </datafield>
  <datafield tag="952" ind1=" " ind2=" ">
    <subfield code="0">0</subfield>
    <subfield code="1">0</subfield>
    <subfield code="2">udc</subfield>
    <subfield code="4">0</subfield>
    <subfield code="7">0</subfield>
    <subfield code="a">101</subfield>
    <subfield code="b">101</subfield>
    <subfield code="d">2012-09-06</subfield>
    <subfield code="i">17308</subfield>
    <subfield code="l">0</subfield>
    <subfield code="o">82.09(477) &#x423;47</subfield>
    <subfield code="p">17308</subfield>
    <subfield code="r">2022-02-11 00:00:00</subfield>
    <subfield code="w">2004-10-11</subfield>
    <subfield code="y">BK</subfield>
  </datafield>
  <datafield tag="952" ind1=" " ind2=" ">
    <subfield code="0">0</subfield>
    <subfield code="1">0</subfield>
    <subfield code="2">udc</subfield>
    <subfield code="4">0</subfield>
    <subfield code="7">0</subfield>
    <subfield code="a">101</subfield>
    <subfield code="b">101</subfield>
    <subfield code="d">2012-09-06</subfield>
    <subfield code="i">17309</subfield>
    <subfield code="l">0</subfield>
    <subfield code="o">82.09(477) &#x423;47</subfield>
    <subfield code="p">17309</subfield>
    <subfield code="r">2022-02-11 00:00:00</subfield>
    <subfield code="w">2004-10-11</subfield>
    <subfield code="y">BK</subfield>
  </datafield>
  <datafield tag="952" ind1=" " ind2=" ">
    <subfield code="0">0</subfield>
    <subfield code="1">0</subfield>
    <subfield code="2">udc</subfield>
    <subfield code="4">0</subfield>
    <subfield code="7">0</subfield>
    <subfield code="a">101</subfield>
    <subfield code="b">101</subfield>
    <subfield code="d">2012-09-06</subfield>
    <subfield code="i">17310</subfield>
    <subfield code="l">0</subfield>
    <subfield code="o">82.09(477) &#x423;47</subfield>
    <subfield code="p">17310</subfield>
    <subfield code="r">2022-02-11 00:00:00</subfield>
    <subfield code="w">2004-10-11</subfield>
    <subfield code="y">BK</subfield>
  </datafield>
  <datafield tag="952" ind1=" " ind2=" ">
    <subfield code="0">0</subfield>
    <subfield code="1">0</subfield>
    <subfield code="2">udc</subfield>
    <subfield code="4">0</subfield>
    <subfield code="7">0</subfield>
    <subfield code="a">101</subfield>
    <subfield code="b">101</subfield>
    <subfield code="d">2012-09-06</subfield>
    <subfield code="i">34104</subfield>
    <subfield code="l">0</subfield>
    <subfield code="o">82.09(477) &#x423;47</subfield>
    <subfield code="p">34104</subfield>
    <subfield code="r">2022-02-11 00:00:00</subfield>
    <subfield code="w">2004-10-11</subfield>
    <subfield code="y">BK</subfield>
  </datafield>
  <datafield tag="952" ind1=" " ind2=" ">
    <subfield code="0">0</subfield>
    <subfield code="1">0</subfield>
    <subfield code="2">udc</subfield>
    <subfield code="4">0</subfield>
    <subfield code="7">0</subfield>
    <subfield code="a">102</subfield>
    <subfield code="b">102</subfield>
    <subfield code="d">2004-10-11</subfield>
    <subfield code="g">3.00</subfield>
    <subfield code="i">71664</subfield>
    <subfield code="l">0</subfield>
    <subfield code="o">82.09(477) &#x423;47</subfield>
    <subfield code="p">71664</subfield>
    <subfield code="r">2021-11-12 00:00:00</subfield>
    <subfield code="w">2004-10-11</subfield>
    <subfield code="y">BK</subfield>
  </datafield>
  <datafield tag="952" ind1=" " ind2=" ">
    <subfield code="0">0</subfield>
    <subfield code="1">0</subfield>
    <subfield code="2">udc</subfield>
    <subfield code="4">0</subfield>
    <subfield code="7">0</subfield>
    <subfield code="a">102</subfield>
    <subfield code="b">102</subfield>
    <subfield code="d">2004-10-11</subfield>
    <subfield code="g">3.00</subfield>
    <subfield code="i">71667</subfield>
    <subfield code="l">0</subfield>
    <subfield code="o">82.09(477) &#x423;47</subfield>
    <subfield code="p">71667</subfield>
    <subfield code="r">2021-11-12 00:00:00</subfield>
    <subfield code="w">2004-10-11</subfield>
    <subfield code="y">BK</subfield>
  </datafield>
</record>
